Statistics for Ultimate Rogue Legacy 2 Quiz

Click here to take the quiz!

General Stats

  • This quiz has been taken 7 times
  • The average score is 73 of 301

Answer Stats

Answer% Correct
ClassesAssassin
100%
ClassesAstromancer
100%
BossesByarrrith
100%
BossesEstuary Enoch
100%
BossesEstuary Irad
100%
BossesEstuary Lamech
100%
BossesEstuary Naamah
100%
BossesEstuary Tubal
100%
WeaponsGreat Sword
100%
BossesHalpharr
100%
BossesJonah, The Traitor
100%
ClassesKnight
100%
ZonesThe Sun Tower
100%
WeaponsWand of Blasting
100%
HeirloomsAether's Wings
83%
ClassesBarbarian
83%
BossesCain, The Immortal King
83%
ZonesCastle Hamson
83%
ClassesChef
83%
ZonesCitadel Agartha
83%
HeirloomsEcho's Boots
83%
ZonesGarden Of Eden
83%
ZonesKerguelen Plateau
83%
Armour SetsKin
83%
WeaponsLabrys
83%
Armour SetsLeather
83%
ClassesMage
83%
ZonesPishon Dry Lake
83%
Armour SetsSanguine
83%
ZonesThe Stygian Study
83%
ClassesValkyrie
83%
HeirloomsAesop's Tome
67%
Armour SetsAmmonite
67%
HeirloomsAnanke's Shawl
67%
ZonesAxis Mundi
67%
RelicsBody Buffet
67%
ClassesBoxer
67%
Status EffectsBurn
67%
ClassesDragon Lancer
67%
Armour SetsDrowned
67%
ClassesDuelist
67%
SpellsFireball
67%
HeirloomsGilgamesh's Anchor
67%
ClassesGunslinger
67%
HeirloomsHestia's Contract
67%
RunesLifesteal
67%
HeirloomsPallas' Void Bell
67%
WeaponsPepperoni Pizza
67%
ClassesPirate
67%
ClassesPizza Delivery Person
67%
Status EffectsPoison
67%
ClassesRanger
67%
Armour SetsScholar
67%
RelicsAmaterasu's Sun
50%
ClassesBard
50%
RunesBounty
50%
RelicsCornucopia
50%
WeaponsCrow Staff
50%
WeaponsDual Blades
50%
RelicsFate's Die
50%
WeaponsFrying Pan
50%
WeaponsHephaestus' Hammer
50%
Armour SetsObsidian
50%
RunesQuenching
50%
ClassesReaper
50%
RunesRed
50%
RunesResolve
50%
RunesRetaliation
50%
ClassesRonin
50%
RelicsSerquet's Stinger
50%
RunesSiphon
50%
RunesSoulsteal
50%
HeirloomsTheia's Sun Lantern
50%
RunesTrick
50%
RunesVault
50%
WeaponsWar Bow
50%
TraitsAlgesia
33%
WeaponsCharon's Scythe
33%
TraitsClumsy
33%
RunesDash
33%
WeaponsDragon Fangs
33%
ClassesEventide Spymaster
33%
SpellsFlame Barrier
33%
RelicsGnawed Bone
33%
RunesHaste
33%
RelicsHermes' Boots
33%
TraitsHero Complex
33%
RelicsHyperion's Ring
33%
TraitsIBS
33%
WeaponsKasa-obake
33%
Armour SetsLeviathan
33%
ClassesLich
33%
RelicsMammon's Bounty
33%
ClassesRock Star
33%
SpellsSearing Shot
33%
RelicsSoul Tether
33%
TraitsSuper IBS
33%
RelicsVanguard's Banner
33%
RelicsVoltaic Circlet
33%
TraitsAerodynamic
17%
RelicsAmbrosia
17%
RunesAmplification
17%
TraitsAssociative Agnosia
17%
WeaponsBag o' Spoons
17%
ClassesBallistic Archer
17%
WeaponsCannon
17%
RunesCapacity
17%
WeaponsCelestial Sceptre
17%
WeaponsCharge Lance
17%
RelicsCharon's Trial
17%
TraitsCIP
17%
TraitsClownanthropy
17%
TraitsColour Blind
17%
TalentsCombat Roll
17%
TalentsCrescendo
17%
Armour SetsCrescent
17%
Status EffectsDance
17%
ClassesDemon Tamer
17%
TraitsDiva
17%
TraitsDwarfism
17%
RunesEldar
17%
ClassesEnkindled Boxer
17%
WeaponsFauchard
17%
ClassesFighter
17%
RunesFocal
17%
RunesFolded
17%
RelicsFreon's Reward
17%
HeirloomsFruit of Life
17%
TraitsFun-Guy
17%
TraitsGigantism
17%
SpellsGravity Beam
17%
RunesHigh Stakes
17%
RelicsIvy Seed
17%
TraitsKanganthropy
17%
WeaponsKinetic Revolver
17%
RelicsLachesis' Measure
17%
RunesLucky Roller
17%
Status EffectsMagic Break
17%
RunesMagnesis
17%
RelicsMarble Statue
17%
RunesMight
17%
TraitsMinimalist
17%
TalentsObscura
17%
RelicsPandora's Trial
17%
TraitsPerfectionist
17%
TalentsPirate Ship
17%
SpellsPoison Bomb
17%
SpellsPrismatic Spectrum
17%
TraitsPuritan
17%
RelicsRage Tincture
17%
RunesReinforced
17%
WeaponsSaber
17%
RunesSharpened
17%
TalentsShield
17%
Status EffectsSpore Burst
17%
RunesStone
17%
RelicsThe Heavy Stone Bargain
17%
WeaponsThe Triangulator
17%
RelicsTransmogrificator
17%
TraitsVampirism
17%
Armour SetsWarden
17%
RelicsWar Drum
17%
RelicsWeighted Anklet
17%
SpellsWind Wall
17%
RelicsAchilles' Shield
0%
RelicsAether's Grace
0%
RelicsAite's Sword
0%
TraitsAlexithymia
0%
RelicsAnanke's Grace
0%
RelicsAncestral Soul
0%
RelicsAntikythera
0%
RelicsArcane Necklace
0%
Status EffectsArmour Break
0%
RelicsAtropos' Scissors
0%
RelicsAzure Aegis
0%
TalentsBastion
0%
SpellsBlaze Bellow
0%
RelicsBlessing of Strength
0%
RelicsBlessing of Talent
0%
RelicsBlessing of Wisdom
0%
WeaponsBlunderbuss
0%
TraitsBookish
0%
RelicsBoxing Bell
0%
WeaponsBoxing Gloves
0%
TraitsCartographer
0%
RelicsCatalyst
0%
Status EffectsCharged
0%
TraitsCharismatic
0%
TraitsChronic Fatigue
0%
Status EffectsCloaked
0%
RelicsCloak of Eventide
0%
RelicsClotho's Spindle
0%
RelicsCoeus' Chell
0%
TraitsCombative
0%
Status EffectsCombo
0%
TalentsComet Form
0%
TraitsCompulsive Gambling
0%
TraitsCompulsive Hoarder
0%
TraitsContratian
0%
RelicsCorrupting Reagent
0%
RelicsCosmic Insight
0%
TraitsCrippling Intellect
0%
TalentsDeflect
0%
RelicsDemeter's Trial
0%
RelicsDiogenes' Bargain
0%
Status EffectsDisarmed
0%
TraitsDisattuned
0%
RelicsDreamcatcher
0%
TraitsDyspraxia
0%
TraitsEctomorph
0%
WeaponsElectric Lute
0%
Status EffectsElusive
0%
TraitsEmotional Dysregularity
0%
RelicsEmpty Vessel
0%
TraitsEndomorph
0%
WeaponsEnkindled Gauntlets
0%
TraitsExploding Casket Syndrome
0%
RelicsFeathered Cap
0%
TraitsFestive
0%
TraitsFMF Fan
0%
TraitsFND
0%
TraitsForgetful
0%
SpellsFreeze Strike
0%
Status EffectsFrozen
0%
SpellsFungal Spread
0%
RelicsGlowing Ember
0%
RelicsGrave Bell
0%
Armour SetsGuilded
0%
WeaponsHandheld Ballista
0%
RelicsHector's Helm
0%
RelicsHeron's Ring
0%
TraitsHistrionic
0%
TraitsHollow Bones
0%
TraitsHypercoagulation
0%
TraitsHypergonadism
0%
TraitsIIB Muscle Fibers
0%
TalentsImmortal Kotetsu
0%
RelicsIncandescent Telescope
0%
TraitsInter-dimensional
0%
TalentsIvy Canopy
0%
RelicsIvy Roots
0%
WeaponsKatana
0%
TalentsKnockout Punch
0%
RelicsLamech's Whetstone
0%
SpellsLightning Storm
0%
RelicsLily of the Valley
0%
TraitsLimitless
0%
RelicsLotus Petal
0%
RelicsLotus Stem
0%
SpellsLucent Beam
0%
WeaponsLute
0%
SpellsMagic 8 Ball
0%
SpellsMagma Mass
0%
TalentsMakeshift Explosive
0%
Status EffectsMana Leech
0%
TraitsMasochism
0%
TraitsMedium
0%
TraitsMethemoglobinemia
0%
RelicsMonkey's Paw
0%
TraitsMuscle Weakness
0%
HeirloomsMysterious Key
0%
TraitsNature
0%
RelicsNerdy Glasses
0%
TraitsNostalgic
0%
RelicsObelisk
0%
TraitsOne-Hit Wonder
0%
RelicsOnyx Key
0%
TraitsPacifier
0%
TraitsPacifist
0%
WeaponsPacifist Sign
0%
TraitsPanic Attacks
0%
TraitsParanoid
0%
RelicsPearl Key
0%
RelicsRaven's Ring
0%
RelicsRed Sand Hourglass
0%
SpellsShield of Thorns
0%
SpellsShockwave
0%
RelicsSilk Slippers
0%
RelicsSkeleton Key
0%
TraitsSpelunker
0%
RelicsStar Sling
0%
RelicsSteel-Toed Boots
0%
TalentsStew
0%
ClassesStygian Sharpshooter
0%
Status EffectsSuave
0%
TalentsSuper Fart
0%
TraitsSuperfluid
0%
TraitsSynesthesia
0%
RelicsTattered Rope
0%
SpellsTesla Spike
0%
RelicsThe Future Successor's Bargain
0%
RelicsThe Icarus' Wings Bargain
0%
RelicsThe Serrated Handle's Bargain
0%
TraitsVegan
0%
Status EffectsVulnerable
0%
ClassesWaiter
0%
RelicsWeird Mushrooms
0%
RelicsWhite Beard
0%
SpellsWhite Star
0%
TalentsWinter's Shout
0%
RelicsZealot's Ring
0%

Score Distribution

Percentile by Number Answered

Percent of People with Each Score

Your Score History

You have not taken this quiz